| 000 | 00810cam a22002531 4500 | ||
|---|---|---|---|
| 001 | 1222777 | ||
| 003 | ARRUPE | ||
| 005 | 20220517080732.0 | ||
| 008 | 730424s1962 nyua b 000 0 eng | ||
| 010 | _a 62011674 | ||
| 040 |
_aDLC _cDLC _dDLC |
||
| 043 |
_an------ _as------ _afw----- |
||
| 050 | 0 | 0 |
_aHT1049 _b.M2 |
| 082 | 0 | 0 | _a326.1 |
| 100 | 1 |
_aMannix, Daniel Pratt, _d1911- _951576 |
|
| 245 | 1 | 0 |
_aBlack cargoes; _ba history of the Atlantic slave trade, 1518-1865. _cIn collaboration with Malcolm Cowley. |
| 260 |
_aNew York, _bViking Press _c[1962] |
||
| 300 |
_a306 p. _billus. _c22 cm. |
||
| 504 | _aIncludes bibliography. | ||
| 650 | 0 |
_aSlave trade _zAmerica. _927315 |
|
| 650 | 0 |
_aSlave trade _zAfrica, West. _95427 |
|
| 906 |
_a7 _bcbc _corignew _du _eocip _f19 _gy-gencatlg |
||
| 942 |
_2lcc _cMONOGRAPH |
||
| 999 |
_c131425 _d131425 |
||